[Event "ch-Commonwealth 2012"]
[Site "Chennai IND"]
[Date "2012.11.23"]
[Round "1"]
[White "Voges, Rachelle Mari"]
[Black "Shyam, Nikil P."]
[Result "0-1"]
[WhiteTitle "WCM"]
[BlackTitle "IM"]
[WhiteElo "1718"]
[BlackElo "2431"]
[WhiteFideId "14308908"]
[BlackFideId "5024218"]
[EventDate "2012.11.23"]

1. d4 Nf6 2. Nf3 c5 3. e3 g6 4. Be2 Bg7 5. O-O O-O 6. c4 cxd4 7. Nxd4 d5 8. Nc3
dxc4 9. Bxc4 a6 10. a4 e5 11. Nc2 Qc7 12. Qe2 e4 13. Nd5 Nxd5 14. Bxd5 Re8 15.
Qc4 Qxc4 16. Bxc4 Nc6 17. Rd1 Bg4 18. Rd2 Na5 19. Ba2 Be6 20. Nd4 Bxa2 21. Rxa2
Rac8 22. Rd1 Red8 23. Bd2 Bxd4 24. Bxa5 Bb6 25. Rxd8+ Rxd8 26. Be1 Rd1 27. Kf1
Ba5 28. Ke2 0-1

[Event "ch-Commonwealth 2012"]
[Site "Chennai IND"]
[Date "2012.11.23"]
[Round "1"]
[White "Rathnakaran, K."]
[Black "Bhuvaneshwari.R"]
[Result "1-0"]
[WhiteTitle "IM"]
[WhiteElo "2430"]
[BlackElo "1717"]
[WhiteFideId "5005507"]
[BlackFideId "5032792"]
[EventDate "2012.11.23"]

1. e4 e6 2. d3 d5 3. Nd2 c5 4. g3 Nc6 5. Bg2 Nf6 6. Ngf3 Be7 7. O-O O-O 8. Re1
b5 9. e5 Nd7 10. Nf1 a5 11. h4 Ba6 12. N1h2 Re8 13. Bf4 f6 14. Ng4 Rc8 15. exf6
Bxf6 16. Ng5 Nf8 17. Nxf6+ Qxf6 18. Bd6 h6 19. Bxf8 hxg5 20. Bxc5 gxh4 21. d4 b4
22. Qg4 hxg3 23. fxg3 Nb8 24. Re3 Nd7 25. Rae1 Nxc5 26. dxc5 Bb7 27. Rxe6 Rxe6
28. Rxe6 Qxb2 29. Re7 Qc1+ 30. Bf1 Qa1 31. Rxb7 Rf8 32. Qe6+ Kh8 33. Rf7 Qd4+
34. Kh1 1-0

[Event "ch-Commonwealth 2012"]
[Site "Chennai IND"]
[Date "2012.11.23"]
[Round "1"]
[White "Senbabu, M B"]
[Black "Ankit, R. Rajpara"]
[Result "0-1"]
[BlackTitle "IM"]
[WhiteElo "1717"]
[BlackElo "2423"]
[WhiteFideId "5070180"]
[BlackFideId "5023335"]
[EventDate "2012.11.23"]

1. d4 d5 2. c4 c6 3. Nf3 Nf6 4. Nc3 dxc4 5. a4 e6 6. e3 c5 7. Bxc4 Nc6 8. O-O
cxd4 9. exd4 Be7 10. Bg5 O-O 11. Be3 Nb4 12. Qb3 b6 13. Bg5 Nc6 14. Qd1 Bb7 15.
Be3 Rc8 16. Qe2 Nb4 17. Rac1 Bxf3 18. gxf3 Nfd5 19. Kh1 Bd6 20. Rg1 Nf4 21. Bxf4
Bxf4 22. Rcd1 Qc7 23. Bb3 Bxh2 24. Rg2 Bf4 25. Rg4 Bd6 26. Rdg1 g6 27. Ne4 Be7
28. Qd2 Kg7 29. R4g2 Bd6 30. Qg5 Qe7 31. Nxd6 Qxd6 32. Rh2 h5 33. Rxh5 Rh8 34.
Rxh8 Rxh8+ 35. Kg2 Rh2+ 36. Kf1 Qxd4 37. Qg3 Qd3+ 38. Ke1 Qb1+ 39. Ke2 Qxb2+ 40.
Kf1 Qb1+ 41. Ke2 Qd3+ 42. Ke1 Rh5 43. Bd1 Rd5 44. Be2 Qb1+ 0-1

[Event "ch-Commonwealth 2012"]
[Site "Chennai IND"]
[Date "2012.11.23"]
[Round "1"]
[White "Swayams, Mishra"]
[Black "Mythireyan P"]
[Result "1-0"]
[WhiteTitle "IM"]
[WhiteElo "2423"]
[BlackElo "1715"]
[WhiteFideId "5028183"]
[BlackFideId "25015060"]
[EventDate "2012.11.23"]

1. d4 d5 2. c4 e6 3. Nf3 Nf6 4. Nc3 Nbd7 5. Bg5 Be7 6. e3 O-O 7. Rc1 b6 8. cxd5
exd5 9. Bd3 Bb7 10. O-O c5 11. Bb1 Rc8 12. Qc2 Ne4 13. Bf4 Ndf6 14. Rfd1 cxd4
15. Nxd4 Bd6 16. Bxd6 Qxd6 17. Nxe4 dxe4 18. Qe2 Rxc1 19. Rxc1 Rc8 20. Rxc8+
Bxc8 21. h3 g6 22. a3 Qd5 23. Qb5 Qc5 24. Qxc5 bxc5 25. Nb3 c4 26. Nc5 Kg7 27.
Bxe4 Nxe4 28. Nxe4 Bf5 29. Nd6 Bd3 30. f4 Kf6 31. Kf2 Ke6 32. Nb5 a6 33. Nc3 f5
34. g4 Kd6 35. Kf3 Ke6 36. e4 fxe4+ 37. Ke3 h6 38. Nxe4 Kd5 39. Nc3+ Kc5 40. b4+
Kd6 41. Kd4 Bf1 42. h4 Bh3 43. Ne4+ Kc6 44. Nf2 Bf1 45. f5 gxf5 46. gxf5 Kd7 47.
Ne4 Ke7 48. Ke5 Bd3 49. Nc3 Kf7 50. a4 Bf1 51. b5 axb5 52. axb5 Bg2 53. Ne4 Ke7
54. f6+ Kf7 55. b6 c3 56. b7 c2 57. Nd6+ Kg6 58. b8=Q c1=Q 59. Qe8+ Kh7 60. Qf7+
Kh8 61. Qg7# 1-0

[Event "ch-Commonwealth 2012"]
[Site "Chennai IND"]
[Date "2012.11.23"]
[Round "1"]
[White "Ladhe Mohit"]
[Black "Himanshu, Sharma"]
[Result "0-1"]
[BlackTitle "IM"]
[WhiteElo "1713"]
[BlackElo "2417"]
[WhiteFideId "25056743"]
[BlackFideId "5007836"]
[EventDate "2012.11.23"]

1. e4 c6 2. d4 g6 3. c3 Bg7 4. Bf4 d6 5. Nf3 Nf6 6. Bd3 Nbd7 7. O-O O-O 8. h3
Nh5 9. Bh2 e5 10. Qd2 Qf6 11. Na3 Re8 12. Nc4 Bf8 13. Rae1 h6 14. Ne3 Nb6 15.
Ng4 Bxg4 16. hxg4 Nf4 17. Bxf4 Qxf4 18. Qxf4 exf4 19. Re2 Bg7 20. Rfe1 Rad8 21.
Nd2 c5 22. d5 a6 23. Nc4 Nxc4 24. Bxc4 b5 25. Bd3 c4 26. Bb1 Re5 27. f3 h5 28.
Kf2 Rg5 29. gxh5 Rxh5 30. Rg1 Be5 31. a3 Kg7 32. Bc2 a5 33. Ke1 Kf6 34. Kd2 Rh2
35. Bd1 Rb8 36. Kc2 b4 37. axb4 axb4 38. cxb4 Rxb4 39. Kc1 Rh8 0-1

[Event "ch-Commonwealth 2012"]
[Site "Chennai IND"]
[Date "2012.11.23"]
[Round "1"]
[White "Karthikeyan, P."]
[Black "Prajesh R"]
[Result "1-0"]
[WhiteTitle "IM"]
[WhiteElo "2414"]
[BlackElo "1713"]
[WhiteFideId "5018226"]
[BlackFideId "25044753"]
[EventDate "2012.11.23"]

1. Nf3 Nf6 2. c4 g6 3. Nc3 Bg7 4. e4 d6 5. d4 O-O 6. Bg5 h6 7. Bh4 c6 8. h3 a6
9. e5 dxe5 10. dxe5 Nh5 11. Qxd8 Rxd8 12. Bxe7 Re8 13. O-O-O Nd7 14. Bd6 Nxe5
15. Nxe5 Bxe5 16. Bxe5 Rxe5 17. Rd8+ Kg7 18. Na4 b5 19. Nb6 Rb8 20. Nxc8 c5 21.
Bd3 Nf4 22. Rd1 Nxg2 23. Bf1 Nf4 24. cxb5 axb5 25. Na7 Rxd8 26. Rxd8 c4 27. Rd4
Ne6 28. Rd2 Ng5 29. f4 Re7 30. Nxb5 Nf3 31. Rd1 Re4 32. a4 Rxf4 33. a5 Rf6 34.
Nd6 Ne5 35. Ne8+ 1-0

[Event "ch-Commonwealth 2012"]
[Site "Chennai IND"]
[Date "2012.11.23"]
[Round "2"]
[White "Pranavananda, V"]
[Black "Adly, Ahmed"]
[Result "0-1"]
[BlackTitle "GM"]
[WhiteElo "2018"]
[BlackElo "2607"]
[WhiteFideId "5073588"]
[BlackFideId "10601619"]
[EventDate "2012.11.23"]

1. e4 c6 2. d4 d5 3. e5 c5 4. dxc5 Nc6 5. Bb5 Bd7 6. Bxc6 Bxc6 7. Nf3 e6 8. Be3
Nh6 9. c3 Nf5 10. Bd4 h5 11. a4 g5 12. b4 g4 13. Nfd2 b6 14. Nb3 bxc5 15. Nxc5
Bxc5 16. bxc5 Qg5 17. Qd2 Qg6 18. Qd3 h4 19. Nd2 Kd7 20. Nf1 g3 21. hxg3 hxg3
22. Rxh8 gxf2+ 23. Bxf2 Rxh8 24. Qa6 Rb8 25. Qd3 Qxg2 26. Rb1 Rg8 27. Rb4 a5 28.
Rb6 Rg4 29. Qa6 Re4+ 30. Be3 Rxe3+ 31. Nxe3 Qg3+ 32. Kd1 Qf3+ 33. Kc1 Qxe3+ 34.
Kb1 Qe1+ 35. Ka2 Qf2+ 36. Ka1 Ke7 37. Rxc6 Qe1+ 38. Kb2 Qd2+ 39. Kb1 Ne3 40.
Qb7+ Kf8 41. Qb3 Nd1 42. Rc8+ Kg7 43. Qc2 Nxc3+ 44. Kb2 Nxa4+ 45. Kb1 Nc3+ 46.
Kb2 Nd1+ 47. Kb1 Qb4+ 48. Ka1 Qa3+ 49. Qa2 Qc1+ 50. Qb1 Qc3+ 51. Ka2 Qd2+ 52.
Ka3 Qe3+ 53. Qb3 Nc3 54. Qb8 Kg6 55. Qb2 Ne4+ 56. Ka4 Nxc5+ 57. Kxa5 Qd2+ 58.
Qxd2 Nb3+ 59. Kb6 Nxd2 60. Kc5 Nf3 61. Kd6 Kf5 62. Rc1 d4 63. Rd1 Ke4 64. Ra1 d3
65. Rd1 Ke3 66. Ke7 Nxe5 67. Kf6 d2 68. Rxd2 0-1

[Event "ch-Commonwealth 2012"]
[Site "Chennai IND"]
[Date "2012.11.23"]
[Round "2"]
[White "Adhiban, Baskaran"]
[Black "Sumit, Grover"]
[Result "1-0"]
[WhiteTitle "GM"]
[WhiteElo "2559"]
[BlackElo "2013"]
[WhiteFideId "5018471"]
[BlackFideId "5020409"]
[EventDate "2012.11.23"]

1. Nf3 Nf6 2. c4 e6 3. g3 d5 4. Bg2 Be7 5. O-O O-O 6. d4 dxc4 7. Qc2 a6 8. a4 c5
9. dxc5 Bxc5 10. Qxc4 Nbd7 11. Nc3 Qe7 12. Ng5 Ne5 13. Qb3 Bd7 14. Nge4 Bc6 15.
Nxf6+ gxf6 16. Bxc6 bxc6 17. Ne4 Rab8 18. Qc2 Bd4 19. Rb1 Rb7 20. Bf4 Rd8 21. e3
Ba7 22. Rfd1 Rd5 23. Bxe5 fxe5 24. Qxc6 Rxb2 25. Rxb2 Rxd1+ 26. Kg2 Qd8 27. Qxa6
Qd5 28. f3 Qd3 29. Nf6+ Kg7 30. Qxd3 Rxd3 31. Ng4 Rd5 32. Rb5 Rd2+ 33. Kh3 h5
34. Nxe5 Bxe3 35. Nc4 Rd3 36. Nxe3 Rxe3 37. f4 f5 38. Re5 Ra3 39. Rxe6 Rxa4 40.
Kh4 Ra2 41. Kxh5 Rxh2+ 42. Kg5 Rg2 43. Re7+ Kf8 44. Re3 1-0

[Event "ch-Commonwealth 2012"]
[Site "Chennai IND"]
[Date "2012.11.23"]
[Round "2"]
[White "Harini, S."]
[Black "Lintchevski, Daniil"]
[Result "1/2-1/2"]
[BlackTitle "GM"]
[WhiteElo "2013"]
[BlackElo "2555"]
[WhiteFideId "5024919"]
[BlackFideId "4171055"]
[EventDate "2012.11.23"]

1. e4 c6 2. d4 d5 3. exd5 cxd5 4. c4 Nf6 5. Nc3 g6 6. Nf3 Bg7 7. cxd5 Nxd5 8.
Bb5+ Bd7 9. Qb3 Nxc3 10. bxc3 O-O 11. Be2 Qc7 12. O-O Be6 13. c4 Nc6 14. Qb2 Bg4
15. Be3 e5 16. Rad1 Bxf3 17. Bxf3 exd4 18. Bd2 Ne5 19. Bd5 Rac8 20. Qb4 Nc6 21.
Qb3 b6 22. f4 Ne7 23. Bb4 Nxd5 24. Bxf8 Qxc4 25. Bxg7 Kxg7 26. Qxc4 Rxc4 27. Rf2
Ne3 28. Re1 Kf6 29. Rd2 Kf5 30. g3 Ke4 31. Kf2 b5 32. h3 b4 33. Rb1 a5 34. a3
bxa3 35. Rb5 f6 36. Rxa5 Rc1 37. Rxa3 Rh1 38. Ra4 Rh2+ 39. Ke1 Rxd2 40. Kxd2
Nf1+ 41. Ke1 Nxg3 42. Kf2 Nh5 43. f5 g5 44. Ra7 h6 45. Rh7 Kxf5 46. Rxh6 Nf4 47.
Rh8 Nd3+ 48. Ke2 Ne5 49. Rd8 Ke4 50. Rg8 d3+ 51. Kf2 Nc4 52. h4 Nb2 53. hxg5 d2
54. Rd8 d1=Q 55. Rxd1 Nxd1+ 56. Kg3 f5 57. g6 f4+ 58. Kh3 f3 59. g7 f2 60. g8=Q
f1=Q+ 61. Qg2+ Qf3+ 62. Qxf3+ Kxf3 1/2-1/2

[Event "ch-Commonwealth 2012"]
[Site "Chennai IND"]
[Date "2012.11.23"]
[Round "2"]
[White "Oleksienko, Mikhailo"]
[Black "Harikrishna. S. R."]
[Result "1-0"]
[WhiteTitle "GM"]
[WhiteElo "2551"]
[BlackElo "2006"]
[WhiteFideId "4152417"]
[BlackFideId "5048206"]
[EventDate "2012.11.23"]

1. e4 c5 2. Nf3 d6 3. c3 Nf6 4. Be2 Nbd7 5. d3 g6 6. O-O Bg7 7. Nbd2 O-O 8. d4
b6 9. Re1 Bb7 10. Bf1 Qc7 11. h3 cxd4 12. cxd4 d5 13. e5 Ne4 14. Nxe4 dxe4 15.
Ng5 Rad8 16. Qg4 f5 17. Qh4 h5 18. Ne6 Qc6 19. Qxe7 1-0

[Event "ch-Commonwealth 2012"]
[Site "Chennai IND"]
[Date "2012.11.23"]
[Round "2"]
[White "Sethuraman, S.P."]
[Black "Sai Vishwesh.C"]
[Result "1-0"]
[WhiteTitle "GM"]
[WhiteElo "2520"]
[BlackElo "1999"]
[WhiteFideId "5021596"]
[BlackFideId "5081670"]
[EventDate "2012.11.23"]

1. d4 Nf6 2. c4 c5 3. d5 b5 4. cxb5 a6 5. e3 axb5 6. Bxb5 Qa5+ 7. Nc3 Bb7 8. Ne2
Nxd5 9. O-O Nxc3 10. Nxc3 g6 11. Bc4 Qb6 12. Nd5 Qc6 13. e4 Ba6 14. Qb3 Bxc4 15.
Qxc4 Na6 16. Qc3 f6 17. Bf4 Bg7 18. Rfd1 d6 19. b4 Rb8 20. Nxe7 Kxe7 21. Bxd6+
Ke8 22. Bxb8 Nxb8 23. b5 Qb6 24. a4 Ke7 25. Qc4 Nd7 26. Rxd7+ Kxd7 27. Qf7+ Kc8
28. Qxg7 Rd8 29. Rc1 Rd7 30. Qg8+ Kb7 31. g3 Qa5 32. Qe6 Rc7 33. Qd5+ Kb6 34.
Qd6+ Kb7 35. Rb1 Qxa4 36. Qd5+ Kb6 37. Qd8 Qxe4 38. Qxf6+ Kb7 39. Ra1 c4 40. b6
Qc6 41. Qf8 Rc8 42. Qe7+ Kxb6 43. Qa7+ Kb5 44. Qa5# 1-0

[Event "ch-Commonwealth 2012"]
[Site "Chennai IND"]
[Date "2012.11.23"]
[Round "2"]
[White "Gopalakrishnan, K."]
[Black "Venkatesh, M.R."]
[Result "0-1"]
[BlackTitle "GM"]
[WhiteElo "2003"]
[BlackElo "2520"]
[WhiteFideId "5002044"]
[BlackFideId "5005779"]
[EventDate "2012.11.23"]

1. e4 e5 2. Nf3 Nc6 3. Bb5 Nge7 4. O-O g6 5. c3 Bg7 6. d4 exd4 7. cxd4 a6 8. Ba4
b5 9. Bb3 O-O 10. Nc3 d6 11. h3 Na5 12. Bc2 Bb7 13. a3 c5 14. dxc5 dxc5 15. Qxd8
Rfxd8 16. Bg5 Kf8 17. Nd5 Bxd5 18. exd5 h6 19. Bh4 g5 20. Bg3 Nxd5 21. Be4 Bxb2
22. Rad1 Nc3 23. Bxa8 Nxd1 24. Bc7 Rxa8 25. Rxd1 Nc4 26. a4 bxa4 27. Ne1 Rc8 28.
Bd6+ Kg8 29. Nd3 Bd4 0-1

[Event "ch-Commonwealth 2012"]
[Site "Chennai IND"]
[Date "2012.11.23"]
[Round "2"]
[White "Arun Prasad, S."]
[Black "Rohan, Ahuja"]
[Result "1-0"]
[WhiteTitle "GM"]
[WhiteElo "2513"]
[BlackElo "1991"]
[WhiteFideId "5011167"]
[BlackFideId "5090598"]
[EventDate "2012.11.23"]

1. g3 Nf6 2. Bg2 g6 3. e4 d6 4. d4 Bg7 5. Nc3 c6 6. a4 a5 7. Nge2 Na6 8. h3 Qc7
9. Be3 O-O 10. O-O e5 11. Qd2 Nb4 12. f4 Nh5 13. g4 Nxf4 14. Nxf4 exd4 15. Bxd4
Bxd4+ 16. Qxd4 Nxc2 17. Qf6 Nxa1 18. Rxa1 Qd8 19. Qxd8 Rxd8 20. Bf1 Be6 21. Rd1
Kf8 22. Kf2 Ke7 23. Ke3 f5 24. exf5 gxf5 25. Re1 Bd7 26. g5 d5 27. Nh5 Rg8 28.
Kf4+ Kd6 29. Nf6 Rg7 30. Bd3 d4 31. Nb1 Be6 32. Nd2 Re7 33. Bxf5 Bg8 34. Nde4+
Kc7 35. Rd1 Rd8 36. Nxg8 Rxg8 37. Rxd4 b5 38. axb5 cxb5 39. Nf6 Rd8 40. Rxd8
Kxd8 41. Bxh7 b4 42. g6 a4 43. Kg5 Rg7 44. Bg8 Rxg8 45. Nxg8 a3 46. bxa3 bxa3
47. Nf6 a2 48. g7 a1=Q 49. g8=Q+ Kc7 50. Qc4+ Kb7 51. Qb5+ Ka8 52. Qc6+ Ka7 53.
Qc5+ Kb7 54. h4 Qb2 55. Qd5+ Ka7 56. h5 Qc1+ 57. Kg6 Qg1+ 58. Qg5 Qb1+ 59. Qf5
Qg1+ 60. Kh7 Kb6 61. h6 Kc7 62. Qd7+ Kb6 63. Nd5+ Ka5 64. Qc7+ Kb5 65. Qb6+ 1-0

[Event "ch-Commonwealth 2012"]
[Site "Chennai IND"]
[Date "2012.11.23"]
[Round "2"]
[White "Mahalakshmi, M"]
[Black "Grover, Sahaj"]
[Result "1-0"]
[WhiteTitle "WFM"]
[BlackTitle "GM"]
[WhiteElo "2001"]
[BlackElo "2509"]
[WhiteFideId "5001080"]
[BlackFideId "5021103"]
[EventDate "2012.11.23"]

1. d4 Nf6 2. c4 e6 3. Nc3 Bb4 4. e3 Bxc3+ 5. bxc3 c5 6. Bd3 Nc6 7. Nf3 O-O 8.
O-O d6 9. e4 e5 10. d5 Ne7 11. Nh4 Bg4 12. f3 Bd7 13. f4 Ne8 14. f5 Nxd5 15.
cxd5 Qxh4 16. Rf3 Qe7 17. Rh3 f6 18. Qh5 g6 19. Qh6 gxf5 20. exf5 Kh8 21. Be3
Rg8 22. Qh4 Nc7 23. Be4 Qf7 24. Rf1 Bb5 25. Rf2 a5 26. Rb2 Rab8 27. c4 Bxc4 28.
Bf3 Bd3 29. Bh5 Qe7 30. Bg6 Rg7 31. Bh6 Rxg6 32. fxg6 Bxg6 33. Rd2 b5 34. Rf3
Ne8 35. Rdf2 b4 36. Bc1 Rc8 37. Qh6 Qg7 38. Qh3 Qb7 39. Bg5 f5 40. Rxf5 Bxf5 41.
Qxf5 1-0

[Event "ch-Commonwealth 2012"]
[Site "Chennai IND"]
[Date "2012.11.23"]
[Round "2"]
[White "Chakravarthi Reddy, M"]
[Black "Ashwin, Jayaram"]
[Result "1/2-1/2"]
[BlackTitle "IM"]
[WhiteElo "1992"]
[BlackElo "2488"]
[WhiteFideId "25009532"]
[BlackFideId "5018137"]
[EventDate "2012.11.23"]

1. d4 Nf6 2. Nf3 e6 3. g3 b5 4. Bg2 Bb7 5. O-O c5 6. Bg5 cxd4 7. Nxd4 Bxg2 8.
Kxg2 a6 9. a4 b4 10. a5 Be7 11. Nd2 Qc7 12. e4 O-O 13. Re1 h6 14. Be3 d6 15. f3
Nc6 16. N4b3 d5 17. Bb6 Qb7 18. Nc5 Bxc5 19. Bxc5 Rfd8 20. Bb6 dxe4 21. Bxd8
Rxd8 22. fxe4 Ne5 23. Qe2 Rxd2 24. Qxd2 Nxe4 25. Rxe4 Qxe4+ 26. Kf2 Kh7 27. Rf1
Qf5+ 28. Kg2 Qe4+ 29. Kf2 Qf5+ 30. Kg2 Qe4+ 31. Kf2 f6 32. b3 Qf5+ 33. Kg2 Qe4+
34. Kf2 Qf5+ 35. Kg2 Qe4+ 36. Kf2 Qf5+ 37. Kg2 Qe4+ 38. Kf2 Kg6 39. Qe2 Ng4+ 40.
Ke1 Ne3 41. Kf2 Ng4+ 42. Ke1 Ne3 43. Kf2 Ng4+ 44. Ke1 Ne3 45. Kf2 Ng4+ 46. Ke1
Ne3 47. Kf2 1/2-1/2

[Event "ch-Commonwealth 2012"]
[Site "Chennai IND"]
[Date "2012.11.23"]
[Round "2"]
[White "Laxman, R.R."]
[Black "Yogit, S"]
[Result "1-0"]
[WhiteTitle "GM"]
[WhiteElo "2461"]
[BlackElo "1985"]
[WhiteFideId "5005361"]
[BlackFideId "5009332"]
[EventDate "2012.11.23"]

1. Nf3 Nf6 2. c4 e6 3. g3 b6 4. Bg2 Bb7 5. O-O Be7 6. d4 O-O 7. Nc3 Ne4 8. Bd2
d6 9. Nxe4 Bxe4 10. Bc3 Nd7 11. d5 e5 12. Nxe5 Nxe5 13. Bxe4 f5 14. Bg2 Bf6 15.
Qc2 g6 16. Rae1 Bg7 17. f4 Nd7 18. e4 fxe4 19. Bxg7 Kxg7 20. Rxe4 Nc5 21. Re3 a5
22. Qc3+ Qf6 23. Qxf6+ Kxf6 24. Rfe1 Rf7 25. b3 Rff8 26. h4 h6 27. Bh3 g5 28.
Be6 Nxe6 29. Rxe6+ Kf5 30. fxg5 Kg4 31. Kg2 hxg5 32. R1e4+ Kh5 33. g4+ 1-0

[Event "ch-Commonwealth 2012"]
[Site "Chennai IND"]
[Date "2012.11.23"]
[Round "2"]
[White "Hamid, Rani"]
[Black "Akshayraj, Kore"]
[Result "0-1"]
[WhiteTitle "WIM"]
[BlackTitle "IM"]
[WhiteElo "1988"]
[BlackElo "2459"]
[WhiteFideId "10200096"]
[BlackFideId "5012414"]
[EventDate "2012.11.23"]

1. e4 e5 2. Nf3 Nc6 3. Bb5 a6 4. Ba4 Nf6 5. O-O Be7 6. Re1 b5 7. Bb3 d6 8. c3
O-O 9. h3 Nb8 10. d4 Nbd7 11. Nbd2 Bb7 12. Bc2 Re8 13. Nf1 Bf8 14. Ng3 g6 15.
Bd2 Bg7 16. Qc1 Qe7 17. Bh6 Bxh6 18. Qxh6 Qf8 19. Qd2 Nb6 20. dxe5 dxe5 21. Qg5
Qg7 22. Bb3 Nfd7 23. Qe3 a5 24. a3 Qf8 25. Ng5 Nc4 26. Bxc4 bxc4 27. Rad1 Nc5
28. Re2 Nd3 29. Red2 Qh6 30. Nf3 Qxe3 31. fxe3 Nc5 32. Rf2 Nd3 33. Rff1 Bc6 34.
b3 Rab8 35. bxc4 Nb2 36. Rb1 Nxc4 37. Kf2 f6 38. Rfd1 Rxb1 39. Rxb1 Nxa3 40. Ra1
Nc4 41. Ne1 Rd8 42. Ra2 Rd2+ 43. Rxd2 Nxd2 44. Ke2 Nxe4 45. Nxe4 Bxe4 46. Kd2
Kf7 47. Kc1 Ke6 48. Kb2 Kd5 49. Kb3 h5 50. h4 g5 51. g3 gxh4 52. gxh4 f5 53. c4+
Kc5 0-1

[Event "ch-Commonwealth 2012"]
[Site "Chennai IND"]
[Date "2012.11.23"]
[Round "2"]
[White "Ram, Aravind L N"]
[Black "Dimakiling, Oliver"]
[Result "0-1"]
[WhiteTitle "FM"]
[BlackTitle "IM"]
[WhiteElo "1983"]
[BlackElo "2453"]
[WhiteFideId "25033760"]
[BlackFideId "5202248"]
[EventDate "2012.11.23"]

1. e4 d6 2. d4 Nf6 3. Nc3 g6 4. Be2 a6 5. Be3 b5 6. e5 Nfd7 7. f4 e6 8. exd6
cxd6 9. d5 e5 10. Nf3 Bg7 11. Ne4 Qe7 12. fxe5 Nxe5 13. O-O O-O 14. Bg5 f6 15.
Bh4 Nbd7 16. Nd4 Nb6 17. Ne6 Bxe6 18. dxe6 d5 19. Qd4 Qxe6 20. Nc5 Qc6 21. a4 f5
22. Qb4 Nec4 23. axb5 axb5 24. Rxa8 Rxa8 25. b3 Na3 26. c3 Bf8 27. Bf2 Nd7 28.
Ra1 Qxc5 29. Bxb5 Qxf2+ 30. Kxf2 Bxb4 31. cxb4 Nb6 32. Bd3 Kf7 33. Ke1 Ke6 34.
Kd1 Nd7 35. Bb5 Ra7 36. Ba4 Nb5 37. Rc1 Nd4 0-1

[Event "ch-Commonwealth 2012"]
[Site "Chennai IND"]
[Date "2012.11.23"]
[Round "2"]
[White "Arjun, Satheesh"]
[Black "Thejkumar, M. S."]
[Result "1/2-1/2"]
[BlackTitle "IM"]
[WhiteElo "1980"]
[BlackElo "2442"]
[WhiteFideId "5070414"]
[BlackFideId "5009154"]
[EventDate "2012.11.23"]

1. d4 Nf6 2. c4 c5 3. d5 e6 4. Nc3 exd5 5. cxd5 Bd6 6. g3 O-O 7. Bg2 Re8 8. Nf3
Bf8 9. O-O d6 10. Nd2 Na6 11. Nc4 Rb8 12. a4 Nb4 13. e4 b6 14. Na3 a6 15. Re1
Bd7 16. Nc2 Nxc2 17. Qxc2 b5 18. axb5 axb5 19. Bg5 h6 20. Bxf6 Qxf6 21. Ra7 Re7
22. Rea1 g6 23. Ra8 Rbe8 24. Rxe8 Bxe8 25. Ra8 Kh7 26. Ra5 b4 27. Nd1 Bg7 28. b3
Qd4 29. Ne3 Qc3 30. Ra2 Qe1+ 31. Nf1 Bb5 32. Ra5 Bxf1 33. Bxf1 Bd4 34. Kg2 Qxe4+
35. Qxe4 Rxe4 36. Ra6 Re1 37. Rxd6 Rb1 38. Bc4 Rb2 39. Rc6 Rxf2+ 40. Kh3 f5 41.
Re6 g5 42. g4 Rf3+ 43. Kg2 Rf2+ 44. Kh3 Rf3+ 45. Kg2 fxg4 46. d6 Rf8 47. Bd3+
Kg7 48. Rg6+ Kf7 49. Rxh6 Rd8 50. Bc4+ Kg7 51. Re6 Bf6 52. Kg3 Rxd6 53. Rxd6 1/2-1/2

[Event "ch-Commonwealth 2012"]
[Site "Chennai IND"]
[Date "2012.11.23"]
[Round "2"]
[White "Narayanan, Srinath"]
[Black "Bala Kannamma, P"]
[Result "1-0"]
[WhiteTitle "IM"]
[WhiteElo "2438"]
[BlackElo "1973"]
[WhiteFideId "5018420"]
[BlackFideId "5081432"]
[EventDate "2012.11.23"]

1. e4 c5 2. Nf3 e6 3. d4 cxd4 4. Nxd4 Nf6 5. Nc3 Bb4 6. e5 Nd5 7. Bd2 Nxc3 8.
bxc3 Be7 9. Qg4 g6 10. Bd3 Nc6 11. Nxc6 dxc6 12. O-O Qc7 13. Rfe1 Bd7 14. Qf3 g5
15. Qh5 h6 16. Re3 O-O-O 17. Qxf7 Bc5 18. Re2 Rdf8 19. Qg6 Kb8 20. Rf1 Rfg8 21.
Qe4 h5 22. Be3 Bxe3 23. Qxe3 g4 24. Qc5 Bc8 25. Re4 Rg5 26. Bc4 Qf7 27. Be2 Rd8
28. Re1 Qg7 29. Bd3 Rd5 30. Qe3 h4 31. c4 Ra5 32. c5 Qe7 33. Rc4 Rxa2 34. g3
hxg3 35. hxg3 Rg8 36. Kg2 Qg5 37. Qd4 Rd8 38. Qxg4 Qxg4 39. Rxg4 Ra5 40. Rc4 b5
41. Rh4 Kc7 42. g4 Rg8 43. f4 b4 44. Rh7+ Bd7 45. Kf3 Rxc5 46. f5 exf5 47. Bxf5
Rd5 48. e6 Re8 49. Ra1 1-0

[Event "ch-Commonwealth 2012"]
[Site "Chennai IND"]
[Date "2012.11.23"]
[Round "2"]
[White "Rakesh, Kumar Jena"]
[Black "Sundararajan, Kidambi"]
[Result "0-1"]
[WhiteTitle "FM"]
[BlackTitle "GM"]
[WhiteElo "1978"]
[BlackElo "2434"]
[WhiteFideId "5084822"]
[BlackFideId "5005370"]
[EventDate "2012.11.23"]

1. e4 c6 2. d4 d5 3. Nc3 dxe4 4. Nxe4 Nd7 5. Nf3 Ngf6 6. Nxf6+ Nxf6 7. Bc4 Bf5
8. O-O e6 9. c3 Bd6 10. Ne5 Qc7 11. Qe2 O-O 12. f4 c5 13. g4 Bg6 14. h4 cxd4 15.
cxd4 Bxe5 16. fxe5 Nxg4 17. Bxe6 fxe6 18. Rxf8+ Rxf8 19. Qxg4 Qc2 20. Qxe6+ Bf7
21. Qg4 Bd5 22. Be3 h5 23. Qg5 Qe4 24. Kh2 Rf5 25. Qd8+ Kh7 26. Rg1 Qc2+ 27. Kh3
Rf3+ 0-1

[Event "ch-Commonwealth 2012"]
[Site "Chennai IND"]
[Date "2012.11.23"]
[Round "2"]
[White "Shyam, Nikil P."]
[Black "Vaishali, R"]
[Result "1-0"]
[WhiteTitle "IM"]
[WhiteElo "2431"]
[BlackElo "1970"]
[WhiteFideId "5024218"]
[BlackFideId "5091756"]
[EventDate "2012.11.23"]

1. d4 d5 2. Nf3 Nf6 3. g3 e6 4. Bg2 Be7 5. O-O O-O 6. c4 b6 7. b3 Bb7 8. Bb2
Nbd7 9. Nbd2 c5 10. cxd5 Bxd5 11. Re1 Ne4 12. Ne5 Nxe5 13. Nxe4 Nd7 14. dxc5
Nxc5 15. Nxc5 Bxc5 16. e4 Bb7 17. Qg4 Bd4 18. Rad1 Bxb2 19. Rxd8 Raxd8 20. e5
Bxg2 21. Kxg2 Rd5 22. f4 Rfd8 23. Re2 Rd2 24. Kh3 g6 25. Qf3 a5 26. Rxd2 Rxd2
27. Qe3 Bc1 28. Qc3 Rd1 29. Qc2 Re1 30. Kg4 Ba3 31. Qf2 h5+ 32. Kf3 Ra1 33. Qxb6
Bb4 34. Qf2 Rd1 35. Qe3 Ra1 36. Qe2 Re1 37. Qc2 Rf1+ 38. Ke2 Re1+ 39. Kd3 Ba3
40. Qd2 Bb4 41. Qb2 Rd1+ 42. Ke2 Re1+ 43. Kf3 Rf1+ 44. Ke4 Re1+ 45. Kd3 Rd1+ 46.
Kc4 Rd2 47. Qa1 Rc2+ 48. Kb5 Bc3 49. Qb1 Rxh2 50. Qc1 Bd2 51. Qg1 Re2 52. Qd1
Rg2 53. Qf3 Rh2 54. Kc6 Bb4 55. Kd7 Rd2+ 56. Ke8 Rd5 57. f5 gxf5 58. Qxh5 Bc3
59. Qg5+ Kh7 60. Kf8 Bb4+ 61. Kxf7 Rd7+ 62. Kxe6 Rg7 63. Qxf5+ Kh6 64. Qh3+ Kg5
65. Qh4+ Kg6 66. g4 Ra7 67. Qf6+ Kh7 68. Kf5 Rg7 69. g5 Be7 70. Qh6+ Kg8 71.
Qe6+ Kh8 72. g6 a4 73. Qc8+ Rg8 74. Qd7 Rg7 75. Qe8+ 1-0